Costos básicos terminología (Registro nro. 2027)
[ vista simple ]
| 000 -LEADER | |
|---|---|
| fixed length control field | 00981 a2200193 4500 |
| 001 - CONTROL NUMBER | |
| control field | 30128 |
| 005 - DATE AND TIME OF LATEST TRANSACTION | |
| control field | 20260407155612.0 |
| 008 - FIXED-LENGTH DATA ELEMENTS--GENERAL INFORMATION | |
| fixed length control field | 260407a1979 arg spa d |
| 003 - CONTROL NUMBER IDENTIFIER | |
| control field | AR-UNSa-BCEJYS |
| 040 ## - CATALOGING SOURCE | |
| Original cataloging agency | AR-UNSa-BCEJYS |
| Language of cataloging | spa |
| Transcribing agency | AR-UNSa-BCEJYS |
| 080 ## - UNIVERSAL DECIMAL CLASSIFICATION NUMBER | |
| Universal Decimal Classification number | 657.474 |
| Common auxiliary subdivision | Tratamiento de los costos<br/> |
| 100 1# - MAIN ENTRY--PERSONAL NAME | |
| Personal name | López Couceiro, Edmundo |
| 245 10 - TITLE STATEMENT | |
| Title | Costos básicos terminología |
| 264 #1 - PRODUCTION, PUBLICATION, DISTRIBUTION, MANUFACTURE, AND COPYRIGHT NOTICE | |
| Place of production, publication, distribution, manufacture | Buenos Aires : |
| Name of producer, publisher, distributor, manufacturer | A-Z Editora |
| Date of production, publication, distribution, manufacture, or copyright notice | 1979 |
| 300 ## - PHYSICAL DESCRIPTION | |
| Extent | 98 p. |
| Dimensions | 23 cm. |
| 505 ## - FORMATTED CONTENTS NOTE | |
| Formatted contents note | 1. Noción de costos y áreas contables - 2. Concepto de costo - 3. Costos históricos y futuros - 4. Costos directos e indirectos - 5. Elementos del costo - 6. Concepto del costo en el proceso decisorio - 7. Conceptos diveross del costo - 8. Comportamiento de los costos - 9. Costo departamental. Costo divisional.Centro de costos - 10. La naturaleza de los costos - 11. Costos contables y costos económicos - 12. Clasificación de los costos. |
| 590 ## - LOCAL NOTE (RLIN) | |
| Local note | niveau_biblio:m niveau_hierar:0 |
| 942 ## - ADDED ENTRY ELEMENTS (KOHA) | |
| Koha item type | |
| Withdrawn status | Lost status | Damaged status | Not for loan | Home library | Current library | Shelving location | Date acquired | Total checkouts | Full call number | Barcode | Date last seen | Price effective from | Koha item type |
|---|---|---|---|---|---|---|---|---|---|---|---|---|---|
| Biblioteca Prof. Eusebio Cleto del Rey | Biblioteca Prof. Eusebio Cleto del Rey | 07/04/2026 | 657.474 L864 | L28501 | 07/04/2026 | 07/04/2026 | Libro |